| 000 | 01443cam a2200349 a 4500 | ||
|---|---|---|---|
| 001 | 16027499 | ||
| 005 | 20140903134736.0 | ||
| 008 | 091218s2010 caua b 001 0 eng | ||
| 010 | _a 2009052033 | ||
| 015 |
_aGBA848827 _2bnb |
||
| 016 | 7 |
_a014567688 _2Uk |
|
| 020 | _a9781412926294 (pbk.) | ||
| 020 | _a1412926297 (pbk.) | ||
| 035 | _a(OCoLC)ocn490810154 | ||
| 040 |
_aDLC _cDLC _dOIP _dC#P _dYDXCP _dUKM _dBTCTA _dBAKER _dMAC _dDLC |
||
| 050 | 0 | 0 |
_aHM 821 _b.H35 2010 |
| 082 | 0 | 0 | _a305.072/7 |
| 100 | 1 | _aHao, Lingxin. | |
| 245 | 1 | 0 |
_aAssessing inequality / _cLingxin Hao, Daniel Q. Naiman. |
| 260 |
_aLos Angeles : _bSAGE, _cc2010. |
||
| 300 |
_ax, 149 p. : _bill. ; _c22 cm. |
||
| 490 | 0 |
_aQuantitative applications in the social sciences ; _vno. 07-166 |
|
| 505 | 0 | _aPDFs, CDFs, quantile functions, and Lorenz curves -- Summary inequality measures -- Choices of inequality measures -- Relative distribution methods -- Inference issues -- Analyzing inequality trends -- An illustrative application: inequality in income and wealth in the United States, 1991-2001. | |
| 650 | 0 | _aEquality. | |
| 650 | 0 |
_aSocial sciences _xStatistical methods. |
|
| 650 | 0 | _aSocial indicators. | |
| 650 | 0 | _aSocial accounting. | |
| 700 | 1 | _aNaiman, Daniel Q. | |
| 906 |
_a7 _bcbc _corignew _d1 _eecip _f20 _gy-gencatlg |
||
| 942 |
_2lcc _cBK _kFOR |
||
| 999 |
_c275379 _d275379 |
||